| 000 | 00746cam a22002412 4500 | ||
|---|---|---|---|
| 001 | 0000003462 | ||
| 005 | 20151021151101.0 | ||
| 008 | 070507s xx 000 0 eng d | ||
| 020 |
_a9966442219 : _cKES 432 |
||
| 040 |
_aKABU _cKABU |
||
| 050 | 0 |
_aKSK68 _b.J33 1988 |
|
| 100 | 1 |
_aJackson, Tudor. _@0000153409 |
|
| 245 | 1 | 4 |
_aThe Law of Kenya / _cTudor Jackson. |
| 250 | _a3rd ed. | ||
| 260 |
_aNairobi : _bKenya Literature Bureau, _c1988. |
||
| 300 |
_axlii, 465 p. ; _c21 cm. |
||
| 500 | _aIncludes index. | ||
| 650 | 0 |
_aLaw _zKenya. _@0000153410 |
|
| 852 | 1 | _9p660 KSH | |
| 852 | 1 | _9p660 KSH | |
| 908 | _a070507 | ||
| 950 | _@1 | ||
| 999 |
_c494 _d494 |
||